[Event "Ramsowo Grunwald Cup 24th"]
[Site "Ramsowo"]
[Date "2009.09.22"]
[Round "4.5"]
[White "Chojnowski, Marcin"]
[Black "Siluk, Zygmunt"]
[Result "1-0"]
[WhiteElo "2114"]
[BlackElo "1973"]
[PlyCount "91"]
[EventDate "2009.09.19"]
[EventType "swiss"]
[EventRounds "9"]
[EventCountry "POL"]
[SourceTitle "EXT 2023"]
[Source "ChessBase"]
[SourceDate "2022.10.05"]
[SourceVersion "1"]
[SourceVersionDate "2022.10.05"]
[SourceQuality "1"]

1. e4 c5 2. Nf3 d6 3. d4 cxd4 4. Nxd4 Nf6 5. Nc3 a6 6. Be3 Qc7 7. Qd2 e6 8. 0-0-0 Nbd7 9. f4 b5 10. a3 Bb7 11. Bd3 0-0-0 12. Rhe1 Nc5 13. Bf2 Be7 14. Kb1 Nfd7 15. Bxb5 axb5 16. Ndxb5 Qb8 17. b4 Bc6 18. Nd4 Ba8 19. Ka1 Na6 20. b5 Nac5 21. Nc6 Bxc6 22. bxc6 Nf6 23. Rb1 Qa8 24. Nb5 Nfxe4 25. Qe3 Bf6+ 26. Ka2 Nc3+ 27. Nxc3 Qxc6 28. g4 Kd7 29. g5 Be7 30. Red1 Ke8 31. Rb4 Rc8 32. Rdb1 d5 33. Rb6 Qa8 34. Nb5 Nd7 35. Qb3 Nxb6 36. Bxb6 Kd7 37. Na7 Rc6 38. Nxc6 Qxc6 39. Bd4 Rc8 40. c3 f6 41. h4 fxg5 42. fxg5 g6 43. a4 Bd6 44. a5 e5 45. Bb6 Qxc3 46. Qxd5 1-0

[Event "Kochan Memorial op 19th"]
[Site "Koszalin"]
[Date "2008.08.11"]
[Round "8"]
[White "Szurgot, Dominik"]
[Black "Siluk, Zygmunt"]
[Result "1-0"]
[WhiteElo "2003"]
[BlackElo "2026"]
[PlyCount "69"]
[EventDate "2008.08.04"]
[EventType "swiss"]
[EventRounds "9"]
[EventCountry "POL"]
[SourceTitle "CBM 125 Extra"]
[Source "ChessBase"]
[SourceDate "2008.09.01"]
[SourceVersion "1"]
[SourceVersionDate "2008.09.01"]
[SourceQuality "1"]

1. e4 c6 2. d4 d6 3. Nc3 Nd7 4. Be3 e5 5. Nf3 Ngf6 6. Bc4 Be7 7. h3 b5 8. Bd3 a6 9. 0-0 0-0 10. Ne2 Re8 11. Ng3 Qc7 12. Nh4 Bf8 13. c3 c5 14. f4 Bb7 15. fxe5 dxe5 16. d5 c4 17. Bc2 Bc5 18. Bxc5 Qxc5+ 19. Kh1 Bc8 20. Qd2 Nf8 21. Qg5 Qe7 22. Nh5 Nxh5 23. Qxh5 Ng6 24. Nf3 h6 25. Rf2 Qd8 26. Ng1 Nf4 27. Qf3 Rf8 28. Ne2 Nxe2 29. Qxe2 Qg5 30. Raf1 Bd7 31. Rf3 g6 32. Rf6 Kg7 33. Qf2 Bf5 34. Rb6 Qd8 35. exf5 1-0

[Event "Kochan Memorial op 19th"]
[Site "Koszalin"]
[Date "2008.08.07"]
[Round "4"]
[White "Jacek, Krystian"]
[Black "Siluk, Zygmunt"]
[Result "1/2-1/2"]
[WhiteElo "1987"]
[BlackElo "2026"]
[PlyCount "109"]
[EventDate "2008.08.04"]
[EventType "swiss"]
[EventRounds "9"]
[EventCountry "POL"]
[SourceTitle "CBM 125 Extra"]
[Source "ChessBase"]
[SourceDate "2008.09.01"]
[SourceVersion "1"]
[SourceVersionDate "2008.09.01"]
[SourceQuality "1"]

1. e4 c6 2. d4 d6 3. Nf3 Nd7 4. Be3 e5 5. Nc3 Ngf6 6. h3 Be7 7. a4 Qa5 8. Bd3 0-0 9. 0-0 Re8 10. Qd2 Qc7 11. a5 Nf8 12. Rfe1 Bd7 13. Bc4 Be6 14. Bxe6 Nxe6 15. a6 b6 16. g4 Rad8 17. Rad1 Qc8 18. Qe2 exd4 19. Nxd4 Nxd4 20. Bxd4 Nd7 21. Qf1 Bf6 22. Bxf6 Nxf6 23. Rd2 Qe6 24. Rde2 Qc4 25. e5 Rxe5 26. Rxe5 Qxf1+ 27. Kxf1 dxe5 28. Rxe5 Kf8 29. Ke2 Nd7 30. Re3 Nb8 31. Ne4 Nxa6 32. Ra3 Nb4 33. c3 Nd5 34. Rxa7 Nf4+ 35. Ke3 Nxh3 36. Rb7 Re8 37. Rxb6 Nxf2 38. Kxf2 Rxe4 39. Rxc6 Rxg4 40. b4 Ke8 41. Rc7 Rf4+ 42. Kg3 Rf6 43. c4 Kd8 44. Ra7 h5 45. b5 Kc8 46. c5 Rf5 47. c6 Rxb5 48. Rxf7 g6 49. Rh7 Rb3+ 50. Kg2 h4 51. Kh2 Rc3 52. Rg7 Rg3 53. Rh7 Kd8 54. Rd7+ Kc8 55. Rh7 1/2-1/2

[Event "Kochan Memorial op 19th"]
[Site "Koszalin"]
[Date "2008.08.06"]
[Round "3"]
[White "Siluk, Zygmunt"]
[Black "Stolarczyk, Anna"]
[Result "0-1"]
[WhiteElo "2026"]
[BlackElo "2015"]
[PlyCount "60"]
[EventDate "2008.08.04"]
[EventType "swiss"]
[EventRounds "9"]
[EventCountry "POL"]
[SourceTitle "CBM 125 Extra"]
[Source "ChessBase"]
[SourceDate "2008.09.01"]
[SourceVersion "1"]
[SourceVersionDate "2008.09.01"]
[SourceQuality "1"]

1. b4 c6 2. Bb2 d5 3. g3 Qc7 4. d4 Nf6 5. e3 Bf5 6. c4 dxc4 7. Bxc4 e6 8. Nf3 Be7 9. Nbd2 Nbd7 10. 0-0 h6 11. Re1 Nb6 12. Bb3 a5 13. bxa5 Rxa5 14. Ne5 0-0 15. e4 Bh7 16. Qf3 Na4 17. Bxa4 Rxa4 18. Qb3 Rfa8 19. f3 Nd7 20. Nd3 Bf6 21. e5 Be7 22. Ne4 Nb6 23. Rec1 Bxe4 24. fxe4 Bg5 25. Nc5 R4a5 26. Rf1 Rb5 27. Qc3 Na4 28. Nxa4 Rxa4 29. Rf3 Qb6 30. Qd2 Rxd4 0-1

[Event "Kochan Memorial op 19th"]
[Site "Koszalin"]
[Date "2008.08.05"]
[Round "2"]
[White "Gorzkiewicz, Lukasz"]
[Black "Siluk, Zygmunt"]
[Result "1-0"]
[WhiteElo "2108"]
[BlackElo "2026"]
[PlyCount "102"]
[EventDate "2008.08.04"]
[EventType "swiss"]
[EventRounds "9"]
[EventCountry "POL"]
[SourceTitle "CBM 125 Extra"]
[Source "ChessBase"]
[SourceDate "2008.09.01"]
[SourceVersion "1"]
[SourceVersionDate "2008.09.01"]
[SourceQuality "1"]

1. e4 c5 2. c3 d5 3. exd5 Qxd5 4. d4 e6 5. Na3 a6 6. Nc2 cxd4 7. cxd4 Nc6 8. Nf3 Nf6 9. Bd3 Be7 10. 0-0 0-0 11. Qe2 b5 12. b3 Bb7 13. Bb2 Nb4 14. Nxb4 Bxb4 15. Qe5 Bd6 16. Qxd5 Bxd5 17. Nd2 Rfc8 18. f3 Bb4 19. Ne4 Nh5 20. Rac1 Nf4 21. Rxc8+ Rxc8 22. Bb1 f5 23. g3 Nh5 24. Nf2 g6 25. Nd3 Bd6 26. Rc1 Rxc1+ 27. Bxc1 Kg7 28. Nc5 a5 29. Bd3 Bc6 30. Nxe6+ Kg8 31. Nd8 Bd7 32. Bd2 Bc7 33. Nb7 b4 34. Nc5 Bc6 35. Bg5 Kf7 36. Kf2 Nf6 37. Bxf6 Kxf6 38. Bc4 Bb6 39. Ke3 g5 40. f4 g4 41. Nd3 Be4 42. Ne5 Ke7 43. Bd3 Bxd3 44. Kxd3 Ke6 45. Kc4 Kd6 46. Nd3 h5 47. Nf2 Bd8 48. Nd1 Bb6 49. Ne3 Ke6 50. Nc2 Bc7 51. Kc5 h4 1-0

[Event "POL-ch blind 37th"]
[Site "Wagrowiec"]
[Date "2008.06.10"]
[Round "9.6"]
[White "Ruszczycki, Jacek"]
[Black "Siluk, Zygmunt"]
[Result "1/2-1/2"]
[WhiteElo "2048"]
[BlackElo "2032"]
[PlyCount "20"]
[EventDate "2008.06.02"]
[EventType "tourn"]
[EventRounds "11"]
[EventCountry "POL"]
[SourceTitle "CBM 124 Extra"]
[Source "ChessBase"]
[SourceDate "2008.07.03"]
[SourceVersion "1"]
[SourceVersionDate "2008.07.03"]
[SourceQuality "1"]

1. d4 d5 2. c3 c6 3. e3 Bf5 4. f4 e6 5. Nf3 Nd7 6. Be2 Bxb1 7. Rxb1 Ngf6 8. 0-0 Be7 9. b4 b5 10. a4 a6 1/2-1/2

[Event "POL-ch blind 37th"]
[Site "Wagrowiec"]
[Date "2008.06.06"]
[Round "5.2"]
[White "Wojcieszyn, Zdzislaw"]
[Black "Siluk, Zygmunt"]
[Result "1-0"]
[WhiteElo "2057"]
[BlackElo "2032"]
[PlyCount "147"]
[EventDate "2008.06.02"]
[EventType "tourn"]
[EventRounds "11"]
[EventCountry "POL"]
[SourceTitle "CBM 124 Extra"]
[Source "ChessBase"]
[SourceDate "2008.07.03"]
[SourceVersion "1"]
[SourceVersionDate "2008.07.03"]
[SourceQuality "1"]

1. c4 Nf6 2. Nc3 c5 3. Nf3 Nc6 4. g3 d5 5. cxd5 Nxd5 6. Bg2 Nxc3 7. bxc3 e5 8. Qa4 Bd7 9. Qe4 Bd6 10. d4 cxd4 11. cxd4 0-0 12. 0-0 Qe7 13. dxe5 Nxe5 14. Nxe5 Qxe5 15. Rb1 Qxe4 16. Bxe4 Bc6 17. Bxc6 bxc6 18. Be3 f6 19. Rfc1 Rfc8 20. Rb7 c5 21. Kf1 a6 22. Rb6 Bf8 23. Ke1 Rcb8 24. Rcb1 Rc8 25. Rb7 Rc6 26. Kd2 h5 27. h4 Kh7 28. Kc3 Kg6 29. Kc4 Kf5 30. Rd1 Re8 31. Rd5+ Kg6 32. Rdd7 Re4+ 33. Kc3 Bd6 34. Rxg7+ Kf5 35. Kd2 Ra4 36. Rb2 c4 37. Bd4 Ba3 38. Rc2 Rb4 39. Rd7 Rb1 40. f3 Bb4+ 41. Bc3 Bc5 42. Rd5+ Ke6 43. e4 Rg1 44. Bd4 Bb4+ 45. Ke3 Rxg3 46. Rxh5 Bd6 47. Ra5 Rh3 48. Ra4 Rxh4 49. Rcxc4 Bf4+ 50. Kd3 Rd6 51. Kc2 Rh3 52. Rc3 Rh2+ 53. Kb3 Rh1 54. Bc5 Rb1+ 55. Kc4 Rc6 56. Kd3 Rd1+ 57. Kc4 Be5 58. Rc2 Bd4 59. Ra5 Ke5 60. Kb3 Rd3+ 61. Ka4 Bxc5 62. Rcxc5+ Rxc5 63. Rxc5+ Kd6 64. Rf5 Ke6 65. a3 Rc3 66. Kb4 Rd3 67. a4 Re3 68. a5 Rd3 69. Kc5 Rb3 70. Kc4 Re3 71. Kd4 Ra3 72. Rc5 Rxf3 73. Rc6+ Ke7 74. Rxa6 1-0

[Event "POL-ch blind 37th"]
[Site "Wagrowiec"]
[Date "2008.06.03"]
[Round "2.6"]
[White "Gunajew, Rafal"]
[Black "Siluk, Zygmunt"]
[Result "1/2-1/2"]
[WhiteElo "2243"]
[BlackElo "2032"]
[PlyCount "144"]
[EventDate "2008.06.02"]
[EventType "tourn"]
[EventRounds "11"]
[EventCountry "POL"]
[SourceTitle "CBM 124 Extra"]
[Source "ChessBase"]
[SourceDate "2008.07.03"]
[SourceVersion "1"]
[SourceVersionDate "2008.07.03"]
[SourceQuality "1"]

1. e4 c6 2. d4 d5 3. Nc3 dxe4 4. Nxe4 Nd7 5. Nf3 Ngf6 6. Bd3 Nxe4 7. Bxe4 Nf6 8. Bd3 Bg4 9. c3 Bxf3 10. Qxf3 Qd5 11. Qxd5 Nxd5 12. Bd2 e6 13. 0-0-0 Bd6 14. g3 b5 15. Rde1 Kd7 16. f4 g6 17. Rhf1 h5 18. Re2 Rab8 19. h3 Nf6 20. Rg2 Rbg8 21. Kc2 Nd5 22. Rf3 f5 23. g4 hxg4 24. hxg4 Re8 25. b3 Re7 26. gxf5 gxf5 27. c4 bxc4 28. bxc4 Nb4+ 29. Bxb4 Bxb4 30. c5 Ba5 31. Bc4 Bc7 32. Kd3 a5 33. Ke3 Rh4 34. Rg8 e5 35. Ba6 exd4+ 36. Kxd4 Bxf4 37. Kd3 Re5 38. Rg7+ Kd8 39. Rg8+ Ke7 40. Bc4 Rxc5 41. Rg7+ Kd6 42. Rg6+ Kc7 43. Be6 Be5 44. Bxf5 Rh2 45. Bg4 Rxa2 46. Rf7+ Kb6 47. Bf3 Ra3+ 48. Kd2 Bc3+ 49. Ke2 Bd4 50. Rf8 Rcc3 51. Re6 Ra2+ 52. Kd1 Be3 53. Rb8+ Kc7 54. Rb1 Rd2+ 55. Ke1 Bf4 56. Re7+ Kd6 57. Re2 Rdd3 58. Bg2 a4 59. Ra2 Rb3 60. Rd1 Rxd1+ 61. Kxd1 Rb4 62. Bf3 c5 63. Kc2 Be5 64. Be2 c4 65. Bd1 Kc5 66. Bh5 c3 67. Be8 Rh4 68. Bxa4 Kb4 69. Kd3 Rd4+ 70. Ke3 Rd2 71. Rxd2 cxd2 72. Kxd2 Kxa4 1/2-1/2

[Event "POL-ch blind 37th"]
[Site "Wagrowiec"]
[Date "2008.06.02"]
[Round "1.2"]
[White "Siluk, Zygmunt"]
[Black "Kulpinski, Piotr"]
[Result "1-0"]
[WhiteElo "2032"]
[BlackElo "2010"]
[PlyCount "79"]
[EventDate "2008.06.02"]
[EventType "tourn"]
[EventRounds "11"]
[EventCountry "POL"]
[SourceTitle "CBM 124 Extra"]
[Source "ChessBase"]
[SourceDate "2008.07.03"]
[SourceVersion "1"]
[SourceVersionDate "2008.07.03"]
[SourceQuality "1"]

1. d4 d5 2. c4 c6 3. cxd5 cxd5 4. Nf3 Nf6 5. Nc3 Nc6 6. e3 e6 7. Be2 Bd6 8. 0-0 0-0 9. Re1 a6 10. Bd2 Ne4 11. Bd3 f5 12. g3 g5 13. Kg2 h5 14. h4 gxh4 15. Nxh4 Qg5 16. Bxe4 fxe4 17. Ne2 Bd7 18. Nf4 Nxd4 19. Rh1 Be8 20. Bc3 Nb5 21. Be1 Bxf4 22. exf4 Rxf4 23. Bd2 e5 24. Qc1 d4 25. Bxf4 exf4 26. Qxf4 Qxf4 27. gxf4 Bc6 28. Nf5 e3+ 29. f3 Rd8 30. Rxh5 Kf7 31. Rah1 Rg8+ 32. Kf1 Bxf3 33. Nh6+ Kf8 34. Nxg8 Bxh1 35. Rxh1 d3 36. Nh6 e2+ 37. Kf2 Nd4 38. Ng4 d2 39. Ne3 Nc2 40. Kxe2 1-0

[Event "POL-ch blind 36th"]
[Site "Poznan"]
[Date "2007.06.21"]
[Round "11"]
[White "Iwancio, Lukasz"]
[Black "Siluk, Zygmunt"]
[Result "0-1"]
[WhiteElo "1966"]
[BlackElo "2044"]
[PlyCount "70"]
[EventDate "2007.06.12"]
[EventType "tourn"]
[EventRounds "11"]
[EventCountry "POL"]
[SourceTitle "EXT 2011"]
[Source "ChessBase"]
[SourceDate "2010.11.26"]
[SourceVersion "1"]
[SourceVersionDate "2010.11.26"]
[SourceQuality "1"]

1. e4 c5 2. c3 d5 3. exd5 Qxd5 4. d4 e6 5. Nf3 Nf6 6. Be3 cxd4 7. Bxd4 Be7 8. Bd3 0-0 9. 0-0 Nc6 10. Nbd2 Nxd4 11. Nxd4 Bc5 12. Bc4 Qh5 13. Qxh5 Nxh5 14. N2f3 a6 15. a4 Bd7 16. Rfe1 Nf6 17. Bf1 Rfd8 18. g3 Rac8 19. h3 Kf8 20. Bg2 Rc7 21. Nb3 Bb6 22. Ne5 Be8 23. a5 Ba7 24. Rad1 Rxd1 25. Rxd1 Ba4 26. Rd8+ Ke7 27. Ra8 Bxf2+ 28. Kxf2 Bxb3 29. Ra7 Bd5 30. Bf1 Kd6 31. Nf3 Ne4+ 32. Kg2 Nd2 33. Be2 Nb3 34. c4 Bc6 35. c5+ Nxc5 0-1

[Event "POL-ch blind 36th"]
[Site "Poznan"]
[Date "2007.06.13"]
[Round "2"]
[White "Kulpinski, Piotr"]
[Black "Siluk, Zygmunt"]
[Result "1/2-1/2"]
[WhiteElo "2016"]
[BlackElo "2044"]
[PlyCount "104"]
[EventDate "2007.06.12"]
[EventType "tourn"]
[EventRounds "11"]
[EventCountry "POL"]
[SourceTitle "EXT 2011"]
[Source "ChessBase"]
[SourceDate "2010.11.26"]
[SourceVersion "1"]
[SourceVersionDate "2010.11.26"]
[SourceQuality "1"]

1. d4 d5 2. c4 e6 3. Nf3 Nf6 4. Nc3 Nbd7 5. Bg5 Be7 6. e3 0-0 7. cxd5 exd5 8. Bd3 c6 9. 0-0 Ne4 10. Bxe7 Qxe7 11. Qc2 f5 12. Rab1 a5 13. a3 g5 14. g3 Rf7 15. b4 g4 16. Nh4 axb4 17. axb4 Nf8 18. Ne2 Ng6 19. Bxe4 fxe4 20. Ng2 Bd7 21. Nc3 b5 22. Ne2 h5 23. Nef4 Nxf4 24. exf4 Kg7 25. Qd2 Ra3 26. Qb2 Ra4 27. Rfe1 Rf8 28. Ne3 h4 29. Qe2 Qe6 30. f5 Qf6 31. Qxg4+ Kh6 32. Qf4+ Kg7 33. g4 Qh6 34. g5 Qh5 35. Kh1 Qf3+ 36. Qxf3 exf3 37. f6+ Kg6 38. Rg1 Ra2 39. Ng4 Bxg4 40. Rxg4 Rxf2 41. Rbg1 Rh8 42. Rf4 Rg2 43. Rxf3 Rxg1+ 44. Kxg1 Kxg5 45. Rc3 Kxf6 46. Rxc6+ Kf5 47. Rc5 Ke4 48. Rxb5 Rg8+ 49. Kf1 Kxd4 50. Rb7 h3 51. Rh7 Kc4 52. Rxh3 Kxb4 1/2-1/2

[Event "POL-ch blind 33rd"]
[Site "Zakopane"]
[Date "2004.06.06"]
[Round "11"]
[White "Siluk, Zygmunt"]
[Black "Gunajew, Rafal"]
[Result "0-1"]
[WhiteElo "2050"]
[BlackElo "2262"]
[PlyCount "108"]
[EventDate "2004.05.29"]
[EventType "tourn"]
[EventRounds "13"]
[EventCountry "POL"]
[SourceTitle "EXT 2019"]
[Source "ChessBase"]
[SourceDate "2018.10.10"]
[SourceVersion "1"]
[SourceVersionDate "2018.10.10"]
[SourceQuality "1"]

1. d4 d5 2. c4 e6 3. Nc3 c6 4. a4 Bb4 5. e3 Nf6 6. Bd2 0-0 7. Nf3 Nbd7 8. Qc2 Re8 9. cxd5 exd5 10. Bd3 Nf8 11. 0-0 Ng6 12. h3 Bxc3 13. Bxc3 Ne4 14. Be1 Qf6 15. Nh2 Nd6 16. Qd2 Bf5 17. Bxf5 Qxf5 18. Nf3 Re6 19. Rc1 Qh5 20. Qd1 Rae8 21. Qb3 Ne7 22. Ne5 f6 23. Nd3 Ng6 24. Qd1 Qh6 25. Kh2 Nh4 26. g3 Nhf5 27. Nf4 Re4 28. Qh5 Qxh5 29. Nxh5 Kf7 30. Nf4 Nc4 31. Ng2 Nxb2 32. Rb1 Nxa4 33. Rxb7+ R4e7 34. Rb4 Nb6 35. Bc3 Nd6 36. Rfb1 Ne4 37. Be1 Nc4 38. Ra1 Ra8 39. Ra6 Rc7 40. Nf4 g5 41. Nd3 Ned6 42. Nc5 h5 43. Kg2 g4 44. h4 f5 45. Nd3 Ne4 46. Rb1 Ke8 47. Nf4 Nf6 48. Ne6 Re7 49. Nf4 Rc8 50. Rb3 Kf7 51. Nd3 Kg7 52. Bb4 Rd7 53. Bc5 Nd2 54. Rb2 Nf3 0-1

[Event "POL-ch blind 33rd"]
[Site "Zakopane"]
[Date "2004.06.02"]
[Round "6"]
[White "Siluk, Zygmunt"]
[Black "Dukaczewski, Piotr"]
[Result "0-1"]
[WhiteElo "2050"]
[BlackElo "2353"]
[PlyCount "93"]
[EventDate "2004.05.29"]
[EventType "tourn"]
[EventRounds "13"]
[EventCountry "POL"]
[SourceTitle "EXT 2019"]
[Source "ChessBase"]
[SourceDate "2018.10.10"]
[SourceVersion "1"]
[SourceVersionDate "2018.10.10"]
[SourceQuality "1"]

1. Nf3 Nf6 2. g3 g6 3. Bg2 Bg7 4. 0-0 0-0 5. c4 d6 6. d4 Nc6 7. e3 a6 8. Nc3 Rb8 9. Qe2 Bd7 10. b3 e5 11. d5 Ne7 12. Bb2 c5 13. Nd2 Ne8 14. e4 f5 15. f3 f4 16. Ndb1 g5 17. Na3 h5 18. Rf2 Ng6 19. Qe1 Nf6 20. Ne2 g4 21. gxf4 gxf3 22. Bxf3 Ng4 23. Bxg4 Bxg4 24. f5 Nh4 25. Qc3 Kh8 26. Qe3 Rf6 27. Kh1 Qf8 28. Raf1 Qf7 29. Ng3 Bh6 30. Qe1 Rg8 31. Nc2 Bh3 32. Rg1 Bf4 33. Qc3 Rg4 34. Ne1 Rh6 35. Rxf4 Rxf4 36. Bc1 Kh7 37. Bxf4 exf4 38. Nf1 Qe7 39. Nd2 Bg4 40. h3 f3 41. Nexf3 Nxf3 42. Nxf3 Qxe4 43. Rf1 Kg8 44. Kg1 Bxh3 45. Rf2 Qxf5 46. Qe3 Rf6 47. Nh4 0-1

[Event "POL-ch blind 33rd"]
[Site "Zakopane"]
[Date "2004.05.29"]
[Round "1"]
[White "Suder, Ryszard"]
[Black "Siluk, Zygmunt"]
[Result "1/2-1/2"]
[WhiteElo "2270"]
[BlackElo "2050"]
[PlyCount "118"]
[EventDate "2004.05.29"]
[EventType "tourn"]
[EventRounds "13"]
[EventCountry "POL"]
[SourceTitle "EXT 2019"]
[Source "ChessBase"]
[SourceDate "2018.10.10"]
[SourceVersion "1"]
[SourceVersionDate "2018.10.10"]
[SourceQuality "1"]

1. d4 d5 2. c4 e6 3. Nc3 Nf6 4. Bg5 Be7 5. Nf3 c6 6. e3 Nbd7 7. Rc1 0-0 8. a3 Ne4 9. Bxe7 Qxe7 10. Qc2 f5 11. Bd3 g5 12. Ne2 g4 13. Nd2 Rf7 14. Nf4 Nf8 15. h3 g3 16. f3 Nf2 17. 0-0 Qg5 18. Rfe1 Rg7 19. Nf1 Nxd3 20. Qxd3 h5 21. Ne2 h4 22. Nd2 Ng6 23. f4 Qf6 24. Nf3 Bd7 25. Nc3 Be8 26. Rc2 Ne7 27. b4 Nc8 28. cxd5 cxd5 29. Ne5 Nd6 30. Rec1 b5 31. Nb1 Nc4 32. a4 a6 33. a5 Qd8 34. Nd2 Qd6 35. Qb3 Rc7 36. Ndf3 Rac8 37. Nxh4 Nxe5 38. fxe5 Rxc2 39. Rxc2 Rxc2 40. Qxc2 Qxb4 41. Qc1 Kh7 42. Nf3 Qxa5 43. Ng5+ Kg8 44. Nxe6 Qa2 45. e4 Qf2+ 46. Kh1 f4 47. exd5 b4 48. Nxf4 Qxd4 49. e6 b3 50. Ne2 b2 51. Qc2 Qf6 52. Nxg3 Bg6 53. e7 Kf7 54. e8Q+ Kxe8 55. Qc8+ Kf7 56. Qb7+ Kf8 57. Qb8+ Kg7 58. Qb7+ Kh6 59. Kh2 b1Q 1/2-1/2

[Event "POL-ch blind 25th"]
[Site "Olsztyn"]
[Date "1995.06.15"]
[Round "12"]
[White "Suder, Ryszard"]
[Black "Siluk, Zygmunt"]
[Result "1-0"]
[WhiteElo "2240"]
[BlackElo "2090"]
[PlyCount "57"]
[EventDate "1995.06.04"]
[EventType "tourn"]
[EventRounds "13"]
[EventCountry "POL"]
[SourceTitle "EXT 2018"]
[Source "ChessBase"]
[SourceDate "2017.10.13"]
[SourceVersion "1"]
[SourceVersionDate "2017.10.13"]
[SourceQuality "1"]

1. e4 c5 2. Nf3 d6 3. d4 cxd4 4. Nxd4 Nf6 5. Nc3 g6 6. Be3 Bg7 7. f3 Nc6 8. Qd2 h5 9. 0-0-0 Bd7 10. Bc4 Ne5 11. Bb3 Rc8 12. Qe2 a6 13. Bg5 b5 14. h3 Nc4 15. f4 Rc5 16. Bxc4 bxc4 17. e5 dxe5 18. fxe5 Nh7 19. e6 Nxg5 20. exd7+ Kf8 21. h4 Bxd4 22. Rxd4 Ne6 23. Rd2 Kg7 24. Rhd1 Qa5 25. Rd5 Kh7 26. Qf3 Kg7 27. g4 hxg4 28. Qxg4 Rb8 29. d8Q 1-0

[Event "POL-ch blind 25th"]
[Site "Olsztyn"]
[Date "1995.06.09"]
[Round "6"]
[White "Zoltek, Tadeusz"]
[Black "Siluk, Zygmunt"]
[Result "1-0"]
[WhiteElo "2260"]
[BlackElo "2090"]
[PlyCount "91"]
[EventDate "1995.06.04"]
[EventType "tourn"]
[EventRounds "13"]
[EventCountry "POL"]
[SourceTitle "EXT 2018"]
[Source "ChessBase"]
[SourceDate "2017.10.13"]
[SourceVersion "1"]
[SourceVersionDate "2017.10.13"]
[SourceQuality "1"]

1. Nf3 Nf6 2. c4 e6 3. Nc3 d5 4. d4 Be7 5. Bg5 0-0 6. e3 c6 7. Rc1 Nbd7 8. cxd5 exd5 9. Bd3 Ne4 10. Bxe7 Qxe7 11. Bxe4 dxe4 12. Nd2 Nf6 13. Qc2 Re8 14. 0-0 g5 15. Ne2 h5 16. Qc5 Qxc5 17. Rxc5 Nd5 18. Ng3 f5 19. Nxh5 Kf7 20. Ng3 Kg6 21. a3 Be6 22. Nc4 Rh8 23. f3 exf3 24. Rxf3 f4 25. Ne5+ Kg7 26. exf4 Nxf4 27. Nd3 Nd5 28. Nf5+ Bxf5 29. Rxf5 Kg6 30. Rf3 Rhf8 31. Ne5+ Kg7 32. Rg3 Rf5 33. Nf3 Kf6 34. Rc1 Re8 35. Ne5 Nf4 36. Re1 Rd8 37. Nf3 Ng6 38. h3 c5 39. dxc5 Rxc5 40. Rf1 Rf5 41. Nxg5 Rxf1+ 42. Kxf1 Rd1+ 43. Ke2 Rb1 44. Ne4+ Ke5 45. Rxg6 Kxe4 46. Rg4+ 1-0

[Event "POL-ch blind 23rd"]
[Site "Muszyna"]
[Date "1991.10.15"]
[Round "13"]
[White "Salamon, Jan"]
[Black "Siluk, Zygmunt"]
[Result "0-1"]
[WhiteElo "2000"]
[BlackElo "2000"]
[PlyCount "68"]
[EventDate "1991.10.03"]
[EventType "tourn"]
[EventRounds "13"]
[EventCountry "POL"]
[SourceTitle "EXT 2011"]
[Source "ChessBase"]
[SourceDate "2010.11.26"]
[SourceVersion "1"]
[SourceVersionDate "2010.11.26"]
[SourceQuality "1"]

1. e4 c6 2. c4 d6 3. d4 Nd7 4. Nf3 e5 5. Be2 Ngf6 6. Nc3 Be7 7. 0-0 0-0 8. b4 a5 9. b5 cxb5 10. cxb5 b6 11. a4 Bb7 12. d5 Rc8 13. Bb2 Nc5 14. Nd2 Nfd7 15. f4 exf4 16. Rxf4 Bg5 17. Rf1 Bxd2 18. Qxd2 Nb3 19. Qf4 Nxa1 20. Bxa1 Ne5 21. Qg3 Rc7 22. h4 Bc8 23. h5 f5 24. Qe3 Rcf7 25. h6 f4 26. Qd4 f3 27. hxg7 Rxg7 28. Bxf3 Rxf3 29. Nd1 Rxf1+ 30. Kxf1 Qf6+ 31. Nf2 Qg5 32. g4 Qc1+ 33. Ke2 Bxg4+ 34. Nxg4 Rxg4 0-1

[Event "POL-ch blind 23rd"]
[Site "Muszyna"]
[Date "1991.10.14"]
[Round "12"]
[White "Siluk, Zygmunt"]
[Black "Misiejuk, Zdzislaw"]
[Result "0-1"]
[WhiteElo "2000"]
[BlackElo "2095"]
[PlyCount "78"]
[EventDate "1991.10.03"]
[EventType "tourn"]
[EventRounds "13"]
[EventCountry "POL"]
[SourceTitle "EXT 2011"]
[Source "ChessBase"]
[SourceDate "2010.11.26"]
[SourceVersion "1"]
[SourceVersionDate "2010.11.26"]
[SourceQuality "1"]

1. Nf3 Nf6 2. c4 Nc6 3. Nc3 e5 4. d4 e4 5. Ng1 h6 6. d5 Ne5 7. Qc2 Nxc4 8. Nxe4 Bb4+ 9. Nd2 Nd6 10. a3 Bxd2+ 11. Qxd2 0-0 12. f3 Re8 13. Kd1 b5 14. e4 c6 15. dxc6 dxc6 16. b3 Be6 17. Kc2 Qe7 18. Bb2 Nb7 19. Bd4 Red8 20. Qc3 Ne8 21. Ne2 c5 22. Be3 b4 23. Qe1 Na5 24. Nc1 c4 25. axb4 cxb3+ 26. Kb1 Nc6 27. Bc5 Qf6 28. Ra3 Nd4 29. Bd3 b2 30. Ne2 Nb3 31. Kc2 Rxd3 32. Kxd3 Rd8+ 33. Ke3 Nxc5 34. bxc5 Qg5+ 35. Kf2 Qxc5+ 36. Kg3 Qxa3 37. Qb1 Nf6 38. Re1 Bc4 39. Qc2 Bd3 0-1

[Event "POL-ch blind 23rd"]
[Site "Muszyna"]
[Date "1991.10.11"]
[Round "9"]
[White "Suder, Ryszard"]
[Black "Siluk, Zygmunt"]
[Result "1-0"]
[WhiteElo "2230"]
[BlackElo "2000"]
[PlyCount "61"]
[EventDate "1991.10.03"]
[EventType "tourn"]
[EventRounds "13"]
[EventCountry "POL"]
[SourceTitle "EXT 2011"]
[Source "ChessBase"]
[SourceDate "2010.11.26"]
[SourceVersion "1"]
[SourceVersionDate "2010.11.26"]
[SourceQuality "1"]

1. e4 c5 2. Nf3 Nc6 3. Bb5 d6 4. 0-0 Bg4 5. h3 Bxf3 6. Qxf3 e6 7. c3 a6 8. Ba4 b5 9. Bc2 e5 10. d3 Be7 11. Qg3 Bf6 12. f4 Nge7 13. Be3 Ng6 14. f5 Nf8 15. Nd2 Nd7 16. Qf2 Bg5 17. Nf3 Bxe3 18. Qxe3 Nf6 19. g4 h6 20. Bb3 Qe7 21. Rfe1 0-0-0 22. Bd5 Nb8 23. a4 Nxd5 24. exd5 Qb7 25. axb5 Qxb5 26. Rab1 Rd7 27. Qe4 Rc7 28. Nd2 Nd7 29. Nc4 Nf6 30. Nxd6+ Kb8 31. Nxb5 1-0

[Event "POL-ch blind 23rd"]
[Site "Muszyna"]
[Date "1991.10.10"]
[Round "8"]
[White "Siluk, Zygmunt"]
[Black "Krajewski, Kazimierz"]
[Result "1-0"]
[WhiteElo "2000"]
[BlackElo "2000"]
[PlyCount "59"]
[EventDate "1991.10.03"]
[EventType "tourn"]
[EventRounds "13"]
[EventCountry "POL"]
[SourceTitle "EXT 2011"]
[Source "ChessBase"]
[SourceDate "2010.11.26"]
[SourceVersion "1"]
[SourceVersionDate "2010.11.26"]
[SourceQuality "1"]

1. Nf3 Nf6 2. c4 d6 3. g3 g6 4. Bg2 Bg7 5. Nc3 c6 6. 0-0 0-0 7. d4 Qc7 8. e4 Bg4 9. h3 Bxf3 10. Qxf3 Nbd7 11. Rd1 Rad8 12. Qe2 e5 13. Be3 Rfe8 14. Rac1 Nh5 15. Bf3 Nhf6 16. g4 Rf8 17. Qd2 a6 18. Ne2 c5 19. dxc5 dxc5 20. Nc3 b6 21. Bg5 Qb8 22. Nd5 Rfe8 23. Bg2 Nf8 24. Bxf6 Rxd5 25. cxd5 Bxf6 26. Bf1 Qd8 27. Rc3 Bg5 28. Qd3 a5 29. Qa6 Qf6 30. Rdd3 1-0